Statistiques concernant Top 10 des marques de voitures familiales en 2015

Cliquez ici pour prendre le quiz!

Statistiques générales

  • Ce quiz a été pris 116 fois
  • Le résultat moyen est 5 sur 10

Statistiques - réponses

HintRéponse% Correct
#3Audi
80%
#6BMW
80%
#1Toyota
80%
#4Toyota
80%
#7Volkswagen
62%
#5Fiat
49%
#2Volvo
38%
#9Volvo
38%
#10Subaru
15%
#8Mercedez-Benz
1%

Distribution des résultats

Percentile par nombre de réponses

% des personnes avec chaque résultat

Votre développement - résultats

Vous n’avez pas pris ce quiz